[Event "Irish Championship 2022"]
[Site "Dublin IRL"]
[Date "2022.07.06"]
[Round "5.6"]
[White "Mats, Diana"]
[Black "Flynn, Jacob"]
[Result "0-1"]
[BlackTitle "CM"]
[WhiteElo "2028"]
[BlackElo "2199"]
[BlackICU "2189"]
[BlackClub "Malahide"]
[WhiteNationality "UKR"]
[BlackNationality "IRL"]
[WhiteFideId "14138611"]
[BlackFideId "2509393"]
[PlyCount "96"]
[Venue "Talbot Hotel, Stillorgan"]
[EventDate "2022.07.02"]

{ Event information: <a href="../pairings_irlch2022.html">Tournament
report</a>. }

1. e4 e5 2. Nf3 Nc6 3. Bc4 Nf6 4. d3 Bc5 5. c3 a6 6. b4 Ba7 7. Qb3 O-O 8.
h3 d6 9. g4 b5 10. Bd5 Nxd5 11. exd5 Ne7 12. Be3 Bb7 13. c4 c6 14. dxc6
Bxc6 15. Nbd2 Ng6 16. h4 Qf6 17. cxb5 axb5 18. Bg5 Qe6 19. Qxe6 fxe6 20.
Ke2 Nf4+ 21. Bxf4 Rxf4 22. g5 Raf8 23. Rh3 Rxb4 24. Rc1 Bd5 25. Rc2 Bb6 26.
h5 Kf7 27. Rh4 Rxh4 28. Nxh4 Ke7 29. Nhf3 Kd7 30. Rb2 Kc6 31. Rc2+ Kb7 32.
Rb2 Ka6 33. Rc2 b4 34. g6 hxg6 35. hxg6 Kb5 36. Ne4 Bxe4 37. dxe4 Rf4 38.
Ng5 Rxf2+ 39. Kd3 Rf6 40. Nf7 Bc5 41. Rg2 Rf3+ 42. Kc2 Kc4 43. Ng5 Rf6 44.
Nh7 Rf1 45. Ng5 Ra1 46. Rg3 Rxa2+ 47. Kb1 b3 48. Nxe6 Bb4 0-1

[Event "Irish Championship 2022"]
[Site "Dublin IRL"]
[Date "2022.07.06"]
[Round "5.7"]
[White "Goss, Alex"]
[Black "O'Cuilleanain, Oisin"]
[Result "0-1"]
[WhiteElo "1859"]
[BlackElo "1936"]
[WhiteICU "1782"]
[BlackICU "1959"]
[WhiteClub "U.C.D."]
[BlackClub "Ballyroan"]
[WhiteNationality "IRL"]
[BlackNationality "IRL"]
[WhiteFideId "2509407"]
[BlackFideId "2514249"]
[PlyCount "66"]
[Venue "Talbot Hotel, Stillorgan"]
[EventDate "2022.07.02"]
[BlackFullName "O'Cuilleanain, Ois&iacute;n"]

{ Event information: <a href="../pairings_irlch2022.html">Tournament
report</a>. }

1. e4 c5 2. Nf3 e6 3. c3 Nf6 4. e5 Nd5 5. c4 Ne7 6. d4 cxd4 7. Qxd4 Nbc6 8.
Qe4 Ng6 9. Nc3 a6 10. h4 Qc7 11. Bf4 Nxf4 12. Qxf4 d6 13. exd6 Qxd6 14. Qe3
Nb4 15. Rc1 Qc5 16. Qe2 Qa5 17. Nd2 Nxa2 18. Nxa2 Qxa2 19. Ne4 Bb4+ 20. Nc3
Bd7 21. g4 Bc6 22. Rh3 O-O-O 23. Qc2 Rd4 24. Be2 Ba4 25. Qb1 Qxb1 26. Rxb1
Bb3 27. Kf1 Bxc4 28. Rc1 Kb8 29. Bxc4 Rxc4 30. Rd3 Rhc8 31. Rd7 R8c7 32.
Rd8+ Ka7 33. Ra1 Bxc3 0-1

[Event "Irish Championship 2022"]
[Site "Dublin IRL"]
[Date "2022.07.06"]
[Round "5.8"]
[White "Kennedy, John P. A."]
[Black "Doyle, Tony"]
[Result "1-0"]
[BlackTitle "NM"]
[WhiteElo "2047"]
[BlackElo "2116"]
[WhiteICU "1985"]
[BlackICU "1906"]
[WhiteClub "Dublin"]
[WhiteNationality "IRL"]
[BlackNationality "IRL"]
[WhiteFideId "2501120"]
[BlackFideId "2500329"]
[PlyCount "129"]
[Venue "Talbot Hotel, Stillorgan"]
[EventDate "2022.07.02"]

{ Event information: <a href="../pairings_irlch2022.html">Tournament
report</a>. }

1. Nf3 Nf6 2. g3 g6 3. Bg2 Bg7 4. d4 O-O 5. O-O d5 6. c4 c6 7. Nc3 Bf5 8.
Ne5 dxc4 9. Nxc4 Be6 10. Ne5 Ng4 11. Nf3 Na6 12. a3 Nc7 13. h3 Nf6 14. e4
h6 15. Be3 Qc8 16. Kh2 Rd8 17. Qd2 Kh7 18. Qc2 Nd7 19. Rfd1 Nb6 20. b3 a5
21. d5 Bxc3 22. Qxc3 Nbxd5 23. exd5 Nxd5 24. Qc1 Nxe3 25. Qxe3 Qc7 26. Re1
Qd6 27. Ne5 Qd4 28. Be4 Qxe3 29. Rxe3 Rd2 30. Kg2 Rb2 31. Nc4 Bxc4 32. bxc4
Rd8 33. Rb1 Rdd2 34. Rxb2 Rxb2 35. Rc3 Kg7 36. c5 Kf6 37. Kf3 Ke5 38. Ke3
Ke6 39. Bc2 f5 40. f4 h5 41. Kd3 h4 42. gxh4 Kf6 43. Kd2 a4 44. Kc1 Rb5 45.
Bxa4 Ra5 46. Bd1 e5 47. fxe5+ Kxe5 48. Kd2 Kd4 49. a4 Ra8 50. Bb3 Rh8 51.
Bf7 Ke5 52. Re3+ Kf6 53. Bb3 Rxh4 54. Re6+ Kg5 55. Re7 Rxh3 56. Rxb7 Rh2+
57. Kd3 Rh8 58. Re7 Kf4 59. Re6 g5 60. Rxc6 g4 61. Rg6 g3 62. a5 Kf3 63.
Bd5+ Kf2 64. a6 f4 65. a7 1-0

[Event "Irish Championship 2022"]
[Site "Dublin IRL"]
[Date "2022.07.06"]
[Round "5.9"]
[White "Venkatesan, Kavin"]
[Black "Ivanov, Andrey"]
[Result "1-0"]
[WhiteElo "2076"]
[BlackElo "1844"]
[WhiteICU "2038"]
[BlackICU "1805"]
[WhiteClub "St. Benildus"]
[BlackClub "Malahide"]
[WhiteNationality "IRL"]
[BlackNationality "IRL"]
[WhiteFideId "2512602"]
[BlackFideId "2514311"]
[PlyCount "139"]
[Venue "Talbot Hotel, Stillorgan"]
[EventDate "2022.07.02"]

{ Event information: <a href="../pairings_irlch2022.html">Tournament
report</a>. }

1. d4 Nf6 2. c4 c5 3. d5 b5 4. Qc2 bxc4 5. e4 d6 6. Bxc4 g6 7. Nc3 Bg7 8.
f4 Nfd7 9. Nf3 O-O 10. O-O Ba6 11. Qd3 Bxc4 12. Qxc4 Nb6 13. Qe2 Qd7 14.
Rd1 e6 15. e5 dxe5 16. Nxe5 Qe7 17. d6 Qb7 18. Qe4 Qxe4 19. Nxe4 N8d7 20.
Nxd7 Nxd7 21. Be3 Bxb2 22. Rab1 Rab8 23. Nxc5 Nxc5 24. Bxc5 Rb7 25. Bxa7
Rxa7 26. Rxb2 Rd8 27. Rd4 Ra6 28. Rbd2 Rd7 29. a4 Kf8 30. g3 Ke8 31. Kg2
Rda7 32. Ra2 Kd7 33. Kf3 Ra5 34. Rb2 Rd5 35. Rxd5 exd5 36. Rb6 Rxa4 37.
Rb7+ Ke6 38. Re7+ Kxd6 39. Rxf7 Ra3+ 40. Kg4 d4 41. Rxh7 d3 42. Kf3 d2+ 43.
Ke2 d1=Q+ 44. Kxd1 Ra2 45. Rh6 Ke7 46. Rxg6 Rxh2 47. Ke1 Kf7 48. Rg5 Kf6
49. Kf1 Ra2 50. Re5 Rb2 51. Re2 Rb1+ 52. Kg2 Kf5 53. Re5+ Kg6 54. Kf3 Kf6
55. Ra5 Kg6 56. Kg4 Rb6 57. Rg5+ Kh6 58. Rh5+ Kg6 59. f5+ Kg7 60. Kg5 Rc6
61. g4 Rb6 62. Rh2 Ra6 63. Rb2 Ra7 64. Rb5 Rc7 65. f6+ Kf7 66. Kf5 Kg8 67.
g5 Kh7 68. Re5 Rc1 69. Re7+ Kh8 70. Kg6 1-0

[Event "Irish Championship 2022"]
[Site "Dublin IRL"]
[Date "2022.07.06"]
[Round "5.10"]
[White "Cafolla, Peter"]
[Black "Fox, Anthony"]
[Result "1-0"]
[WhiteElo "1937"]
[BlackElo "1945"]
[WhiteICU "1893"]
[BlackICU "1928"]
[WhiteClub "Rathmines"]
[BlackClub "Dun Laoghaire"]
[WhiteNationality "IRL"]
[BlackNationality "IRL"]
[WhiteFideId "2500884"]
[BlackFideId "2500736"]
[PlyCount "77"]
[Venue "Talbot Hotel, Stillorgan"]
[EventDate "2022.07.02"]

{ Event information: <a href="../pairings_irlch2022.html">Tournament
report</a>. }

1. e4 e5 2. Nf3 Nc6 3. Bb5 a6 4. Ba4 Nf6 5. O-O Be7 6. Re1 b5 7. Bb3 d6 8.
a4 Bg4 9. c3 O-O 10. h3 Bxf3 11. Qxf3 Na5 12. Bc2 b4 13. d4 b3 14. Bd3 c5
15. dxe5 dxe5 16. Nd2 c4 17. Nxc4 Qc7 18. Qe2 Nb7 19. Be3 Nd7 20. Nd2 Ndc5
21. Bc4 Na5 22. Bd5 Rab8 23. Bxc5 Bxc5 24. Qxa6 Rfd8 25. Qe2 Rd6 26. Kh1
Rf6 27. Rf1 h6 28. Nf3 g6 29. Nh2 h5 30. Nf3 Kg7 31. Ng5 Qe7 32. h4 Rbb6
33. g3 Qc7 34. Rad1 Qe7 35. Kg2 Qe8 36. f4 Qe7 37. fxe5 Qxe5 38. Nxf7 Qe7
39. Qd2 1-0

[Event "Irish Championship 2022"]
[Site "Dublin IRL"]
[Date "2022.07.06"]
[Round "5.11"]
[White "O'Gorman, Alice"]
[Black "Keogh, Eamon"]
[Result "1-0"]
[BlackTitle "NM"]
[WhiteElo "2043"]
[BlackElo "1931"]
[WhiteICU "2075"]
[BlackICU "1839"]
[WhiteClub "Elm Mount"]
[BlackClub "Kilkenny"]
[WhiteNationality "IRL"]
[BlackNationality "IRL"]
[WhiteFideId "2508214"]
[BlackFideId "2500264"]
[PlyCount "55"]
[Venue "Talbot Hotel, Stillorgan"]
[EventDate "2022.07.02"]

{ Event information: <a href="../pairings_irlch2022.html">Tournament
report</a>. }

1. c4 f5 2. Nc3 Nf6 3. g3 e5 4. d4 e4 5. Nh3 Nc6 6. Bg2 Ne7 7. Bg5 Ng6 8.
O-O Be7 9. f3 exf3 10. Bxf3 c6 11. e4 fxe4 12. Bxe4 Nxe4 13. Nxe4 d5 14.
Bxe7 Qxe7 15. Neg5 Bxh3 16. Re1 O-O 17. Qh5 Qxg5 18. Qxg5 Rf5 19. Qe3 Raf8
20. cxd5 cxd5 21. Rac1 Rf3 22. Qe2 h5 23. Qb5 R3f5 24. Re8 Rxe8 25. Qxe8+
Kh7 26. Qe2 h4 27. Rc7 Nf8 28. g4 1-0

[Event "Irish Championship 2022"]
[Site "Dublin IRL"]
[Date "2022.07.07"]
[Round "6.1"]
[White "O'Gorman, Tom"]
[Black "Kanyamarala, Tarun"]
[Result "1/2-1/2"]
[WhiteTitle "FM"]
[BlackTitle "FM"]
[WhiteElo "2401"]
[BlackElo "2379"]
[WhiteICU "2367"]
[BlackICU "2356"]
[BlackClub "Balbriggan"]
[WhiteNationality "IRL"]
[BlackNationality "IRL"]
[WhiteFideId "2508249"]
[BlackFideId "45004714"]
[PlyCount "195"]
[Venue "Talbot Hotel, Stillorgan"]
[EventDate "2022.07.02"]

{ Event information: <a href="../pairings_irlch2022.html">Tournament
report</a>. }

1. d4 Nf6 2. c4 e6 3. Nc3 Bb4 4. Qc2 d5 5. a3 Bxc3+ 6. Qxc3 O-O 7. e3 b6 8.
Nf3 Ba6 9. b3 c5 10. Be2 cxd4 11. exd4 Nc6 12. O-O Rc8 13. a4 dxc4 14. bxc4
Na5 15. Ne5 Ne4 16. Qe3 Nd6 17. Ba3 Nf5 $2 (17... Bxc4 $17) 18. Qh3 $10
Qxd4 19. Nf3 Qf4 20. g3 Qc7 21. Bxf8 Rxf8 22. Rfd1 Bb7 23. g4 Ne7 24. Qg3
Qc8 25. Nd4 Ng6 26. Rac1 e5 27. Nf5 Qc6 28. f3 Qxa4 29. Bd3 Nb3 30. Rc2 Nc5
31. Rcd2 Nxd3 32. Rxd3 Qxc4 $2 $17 (32... Nf4 $19) 33. Rd8 Qc7 34. R8d7
Qc5+ 35. Qf2 Bxf3 36. Qxc5 bxc5 37. Rc1 Bxg4 38. Ne7+ Nxe7 39. Rxe7 Be2 $6
(39... a5 40. Rxc5 a4 41. Ra7 Bd1 $17) 40. Rxc5 $10 a6 41. Rexe5 Bb5 42.
Re7 g6 43. h4 Rd8 44. h5 Kg7 45. Rcc7 Be8 46. Ra7 Kf6 47. Rec7 Kg5 48. hxg6
hxg6 49. Rxa6 Rd5 50. Re7 Bb5 51. Ra5 f5 52. Re1 Bc6 53. Rxd5 Bxd5 54. Re5
Be4 55. Re6 Kh5 56. Kf2 g5 57. Re8 Kg4 58. Rg8 Kf4 59. Kg1 Bd5 60. Rd8 Bf3
61. Rg8 Bh5 62. Kf2 Kg4 63. Kg2 f4 64. Kf2 Bf7 65. Rf8 Bd5 66. Rd8 Be4 67.
Rg8 Bd3 68. Kg1 Kh4 69. Rf8 Kg3 70. Rf7 Kf3 71. Rf8 g4 72. Rf7 Ke3 73. Kg2
Be4+ 74. Kg1 g3 75. Rg7 Bd5 76. Rg5 Be4 77. Rg8 Ke2 78. Re8 Kf3 79. Rg8 Ke3
80. Rg7 Bc6 81. Rg6 Bd5 82. Rg5 Bc4 83. Re5+ Kf3 84. Rg5 Bd3 85. Rg8 Be2
86. Rg7 Ke3 87. Re7+ Kf3 88. Rg7 Bd3 89. Rg8 Ke3 90. Rg7 Bc4 91. Re7+ Kf3
92. Rg7 Bd5 93. Rg5 Be4 94. Rg8 Ke3 95. Rg7 g2 96. Rf7 f3 97. Rf8 Ke2 98.
Rf6 1/2-1/2

[Event "Irish Championship 2022"]
[Site "Dublin IRL"]
[Date "2022.07.07"]
[Round "6.2"]
[White "Baburin, Alexander"]
[Black "O'Donnell, Conor"]
[Result "1/2-1/2"]
[WhiteTitle "GM"]
[BlackTitle "FM"]
[WhiteElo "2400"]
[BlackElo "2269"]
[WhiteICU "2360"]
[BlackICU "2276"]
[WhiteClub "Kilkenny"]
[BlackClub "Gonzaga"]
[WhiteNationality "IRL"]
[BlackNationality "IRL"]
[WhiteFideId "2500914"]
[BlackFideId "2504243"]
[PlyCount "54"]
[Venue "Talbot Hotel, Stillorgan"]
[EventDate "2022.07.02"]

{ Event information: <a href="../pairings_irlch2022.html">Tournament
report</a>. }

1. d4 Nf6 2. c4 e6 3. g3 d5 4. Nf3 Bb4+ 5. Bd2 Be7 6. Bg2 c6 7. Qc2 b6 8.
O-O Nbd7 9. Rd1 Bb7 10. Be1 O-O 11. Nbd2 Rc8 12. e4 c5 13. exd5 exd5 14.
Rac1 dxc4 15. Nxc4 cxd4 16. Nxd4 Bxg2 17. Kxg2 Re8 18. Qd3 Qc7 19. Qf3 a6
20. a4 Bf8 21. b4 Ne4 22. b5 axb5 23. axb5 Ndf6 24. Nc6 Ra8 25. Rc2 h6 26.
Ne3 Ra3 27. Qf5 Qb7 1/2-1/2

[Event "Irish Championship 2022"]
[Site "Dublin IRL"]
[Date "2022.07.07"]
[Round "6.3"]
[White "O'Cuilleanain, Oisin"]
[Black "Daly, Colm"]
[Result "1-0"]
[BlackTitle "FM"]
[WhiteElo "1936"]
[BlackElo "2190"]
[WhiteICU "1959"]
[BlackICU "2189"]
[WhiteClub "Ballyroan"]
[BlackClub "Bray/Greystones"]
[WhiteNationality "IRL"]
[BlackNationality "IRL"]
[WhiteFideId "2514249"]
[BlackFideId "2500434"]
[PlyCount "131"]
[Venue "Talbot Hotel, Stillorgan"]
[EventDate "2022.07.02"]
[WhiteFullName "O'Cuilleanain, Ois&iacute;n"]

{ Event information: <a href="../pairings_irlch2022.html">Tournament
report</a>. }

1. d4 Nf6 2. c4 g6 3. f3 d6 4. e4 Bg7 5. Nc3 c6 6. Be3 a6 7. a4 a5 8. Nge2
Na6 9. Qd2 Nb4 10. Nc1 e5 11. d5 Nd7 12. Nd3 O-O 13. Nxb4 axb4 14. Nd1 c5
15. Nf2 f5 16. Bh6 Bxh6 17. Qxh6 f4 18. g4 Kh8 19. g5 Rf7 20. Ng4 b3 (20...
b5 $5 21. cxb5 c4 $15) 21. Be2 Qf8 $2 (21... Qa5+ $15) 22. Kf2 Qxh6 23.
Nxh6 $16 Rf8 24. Bd1 Nb6 25. Bxb3 Ra5 26. Rhc1 Kg7 27. Bd1 Bh3 28. b3 Rfa8
29. Rab1 Nd7 30. Be2 Nf8 31. Bf1 Bc8 32. h4 R5a6 33. Ke1 Rb6 34. Kd2 Rb4
35. Kc2 Bd7 36. Bg2 Ra7 37. Kd2 Ra6 38. Kc3 Rab6 39. a5 Ra6 40. Ra1 Ra7 41.
Kb2 Ra8 42. Rh1 Ra6 43. Ra3 Bc8 44. Bh3 Bxh3 45. Rxh3 Nd7 46. Rh1 Nf6 47.
Rg1 Nh5 48. Ng4 Ng3 49. Re1 b6 50. axb6 Raxb6 51. Nf6 Kf7 52. Ra7+ Rb7 53.
Rxb7+ Rxb7 54. Nxh7 Nh5 55. Ra1 Kg7 56. Nf6 Nxf6 57. gxf6+ Kxf6 58. Ra6 Rd7
59. b4 g5 60. bxc5 gxh4 61. cxd6 h3 62. c5 Rg7 63. d7+ Ke7 64. d6+ Kd8 65.
Ra8+ Kxd7 66. Ra7+ 1-0

[Event "Irish Championship 2022"]
[Site "Dublin IRL"]
[Date "2022.07.07"]
[Round "6.6"]
[White "Venkatesan, Kavin"]
[Black "Kennedy, John P. A."]
[Result "1/2-1/2"]
[WhiteElo "2076"]
[BlackElo "2047"]
[WhiteICU "2038"]
[BlackICU "1985"]
[WhiteClub "St. Benildus"]
[BlackClub "Dublin"]
[WhiteNationality "IRL"]
[BlackNationality "IRL"]
[WhiteFideId "2512602"]
[BlackFideId "2501120"]
[PlyCount "230"]
[Venue "Talbot Hotel, Stillorgan"]
[EventDate "2022.07.02"]

{ Event information: <a href="../pairings_irlch2022.html">Tournament
report</a>. }

1. d4 d5 2. c4 e6 3. Nc3 c5 4. cxd5 exd5 5. Nf3 Nc6 6. g3 Nf6 7. Bg2 Be7 8.
O-O O-O 9. dxc5 Bxc5 10. a3 Be6 11. b4 Be7 12. Bb2 Rc8 13. Rc1 Re8 14. e3
h6 15. Qa4 a6 16. Rfd1 Qb6 17. Ne2 Bd7 18. Bxf6 Bxf6 19. Qb3 Be6 20. Ned4
Bg4 21. Qxd5 Nxd4 22. exd4 Rxc1 23. Rxc1 Bxf3 24. Bxf3 Bxd4 25. Qxb7 Bxf2+
26. Kg2 Qxb7 27. Bxb7 Bd4 28. Bxa6 Bb2 29. Rb1 Bxa3 30. b5 Bc5 31. b6 Rb8
32. b7 Kf8 33. Rc1 Bd6 34. Kf3 $2 (34. Rc8+ Ke7 35. Kf3 $18 { as White's
king will be able to access b6/c6. }) 34... Ke7 (34... Rd8 35. Rc8 Ke7 $16)
35. Ke4 $2 (35. Rc8) 35... Kd7 $2 (35... Rd8) 36. Kd5 Rd8 37. Rc8 Bb8 $10
38. Bb5+ Ke7+ 39. Ke4 g6 40. Bc4 f5+ 41. Kf3 g5 42. Ke2 f4 43. g4 Kd7 44.
Kf3 Ke7 45. h3 Ba7 46. Be2 Kd7 47. Bd3 Ke7 48. Be4 Kd7 49. Bf5+ Ke7 50. Ke2
Bb8 51. Kf2 Ba7+ 52. Kf3 Bb8 53. Ke2 Ba7 $2 (53... Ke8 $10) 54. Ra8 Bb8 55.
Bc8 $18 Bd6 56. b8=Q Bxb8 57. Rxb8 Kd6 58. Ra8 f3+ 59. Kxf3 Kc7 60. Ra6 $2
(60. Ke4 $1 $18 (60. Bb7 Rd3+ 61. Ke2 Rxh3 62. Bf3 { is probably also
winning, but involves more work. })) 60... Rd3+ 61. Kg2 Kxc8 62. Rxh6 $10
Kd7 63. Rh5 Rd5 64. h4 Rd2+ 65. Kf3 gxh4 66. Rxh4 Ke6 67. Kf4 Kf6 68. Rh6+
Kg7 69. Ra6 Rd4+ 70. Kg5 Rd5+ 71. Kh4 Rc5 72. Kg3 Rc3+ 73. Kf4 Rc4+ 74. Kg5
Rc5+ 75. Kh4 Rd5 76. Rb6 Rc5 77. Kg3 Rc3+ 78. Kf4 Rc4+ 79. Kg5 Rc5+ 80. Kh4
Rd5 81. Rc6 Rb5 82. Rc4 Kg6 83. Rc7 Rd5 84. Rc8 Rd1 85. Rc6+ Kg7 86. Kh5
Rd5+ 87. g5 Rd7 88. Rb6 Ra7 89. Rc6 Rb7 90. Rc5 Ra7 91. Re5 Rb7 92. Ra5 Rc7
93. Rb5 Ra7 94. Re5 Rb7 95. Ra5 Rc7 96. Ra6 Rb7 97. Ra1 Rc7 98. Rb1 Ra7 99.
Re1 Rb7 100. Re5 Ra7 101. Rc5 Rb7 102. Re5 Ra7 103. g6 Rb7 104. Kg5 Ra7
105. Rd5 Rb7 106. Rc5 Ra7 107. Rb5 Rc7 108. Ra5 Rb7 109. Kf5 Rc7 110. Re5
Ra7 111. Rd5 Rb7 112. Kg5 Ra7 113. Rf5 Rb7 114. Rf7+ Rxf7 115. gxf7 Kxf7
1/2-1/2

[Event "Irish Championship 2022"]
[Site "Dublin IRL"]
[Date "2022.07.07"]
[Round "6.8"]
[White "Goss, Alex"]
[Black "Cafolla, Peter"]
[Result "1/2-1/2"]
[WhiteElo "1859"]
[BlackElo "1937"]
[WhiteICU "1782"]
[BlackICU "1893"]
[WhiteClub "U.C.D."]
[BlackClub "Rathmines"]
[WhiteNationality "IRL"]
[BlackNationality "IRL"]
[WhiteFideId "2509407"]
[BlackFideId "2500884"]
[PlyCount "85"]
[Venue "Talbot Hotel, Stillorgan"]
[EventDate "2022.07.02"]

{ Event information: <a href="../pairings_irlch2022.html">Tournament
report</a>. }

1. d4 Nf6 2. Nf3 d6 3. c4 c5 4. dxc5 Qa5+ 5. Nc3 Qxc5 6. e3 g6 7. Be2 Bg7
8. O-O O-O 9. e4 Nc6 10. Be3 Qa5 11. h3 Nd7 12. Nd4 a6 13. Nd5 Qd8 14. Rc1
Nc5 15. f3 e6 16. Nc3 Qe7 17. Qd2 Bd7 18. Rfd1 Rad8 19. Nc2 Bc8 20. b4 Nd7
21. b5 Ncb8 22. Na4 Nc5 23. Nxc5 dxc5 24. Qa5 Nd7 25. b6 f5 26. Ne1 fxe4
27. fxe4 Bd4 28. Bxd4 cxd4 29. Rxd4 e5 30. Rd5 Qg5 31. Rc3 Nf6 32. Nf3 Qg3
33. Rxd8 Rxd8 34. Qxe5 Qxe5 35. Nxe5 Nxe4 36. Re3 Nc5 37. Nd3 Na4 38. Nf4
Nxb6 39. Nd5 Nxd5 40. cxd5 Kf8 41. Bc4 b5 42. Bb3 Bb7 43. Re6 1/2-1/2

[Event "Irish Championship 2022"]
[Site "Dublin IRL"]
[Date "2022.07.07"]
[Round "6.11"]
[White "Fox, Anthony"]
[Black "Ivanov, Andrey"]
[Result "1/2-1/2"]
[WhiteElo "1945"]
[BlackElo "1844"]
[WhiteICU "1928"]
[BlackICU "1805"]
[WhiteClub "Dun Laoghaire"]
[BlackClub "Malahide"]
[WhiteNationality "IRL"]
[BlackNationality "IRL"]
[WhiteFideId "2500736"]
[BlackFideId "2514311"]
[PlyCount "75"]
[Venue "Talbot Hotel, Stillorgan"]
[EventDate "2022.07.02"]

{ Event information: <a href="../pairings_irlch2022.html">Tournament
report</a>. }

1. e4 c5 2. Nc3 g6 3. f4 Bg7 4. Nf3 Nc6 5. Bb5 Nd4 6. O-O a6 7. Bd3 e6 8.
e5 d5 9. Nxd4 cxd4 10. Ne2 Qb6 11. Qe1 Ne7 12. b3 O-O 13. Bb2 Nc6 14. Qf2
f6 15. Bxd4 Nxd4 16. Qxd4 Qxd4+ 17. Nxd4 fxe5 18. fxe5 Bxe5 19. Rxf8+ Kxf8
20. c3 Ke7 21. Re1 Bf6 22. Nf3 Bd7 23. c4 Bc6 24. cxd5 Bxd5 25. Be4 Bxe4
26. Rxe4 Rc8 27. Rb4 Rc7 28. a4 e5 29. Kf2 a5 30. Rb5 e4 31. Ne5 b6 32. Nc4
Bd4+ 33. Kg3 Rc6 34. Kf4 Re6 35. Rd5 Bg1 36. h3 Bh2+ 37. Ke3 Kf6 38. g4
1/2-1/2

[Event "Irish Championship 2022"]
[Site "Dublin IRL"]
[Date "2022.07.07"]
[Round "6.12"]
[White "Keogh, Eamon"]
[Black "Murray, Sam"]
[Result "0-1"]
[WhiteTitle "NM"]
[WhiteElo "1931"]
[BlackElo "1624"]
[WhiteICU "1839"]
[BlackICU "1564"]
[WhiteClub "Kilkenny"]
[BlackClub "U.C.D."]
[WhiteNationality "IRL"]
[BlackNationality "IRL"]
[WhiteFideId "2500264"]
[BlackFideId "2508958"]
[PlyCount "38"]
[Venue "Talbot Hotel, Stillorgan"]
[EventDate "2022.07.02"]

{ Event information: <a href="../pairings_irlch2022.html">Tournament
report</a>. }

1. e4 e5 2. Nc3 Nf6 3. f4 d5 4. d4 Bb4 5. a3 Bxc3+ 6. bxc3 Nxe4 7. Qh5 exd4
8. cxd4 O-O 9. c4 Re8 10. Be2 dxc4 11. Nf3 Nf6 12. Qh4 Bg4 13. Ra2 Bxf3 14.
gxf3 Qxd4 15. Rd2 Qe3 16. Qg3 c3 17. Rc2 Qd3 18. Ra2 c2 19. Qf2 Qd1# 0-1

[Event "Irish Championship 2022"]
[Site "Dublin IRL"]
[Date "2022.07.08"]
[Round "7.1"]
[White "Kanyamarala, Tarun"]
[Black "O'Cuilleanain, Oisin"]
[Result "1-0"]
[WhiteTitle "FM"]
[WhiteElo "2379"]
[BlackElo "1936"]
[WhiteICU "2356"]
[BlackICU "1959"]
[WhiteClub "Balbriggan"]
[BlackClub "Ballyroan"]
[WhiteNationality "IRL"]
[BlackNationality "IRL"]
[WhiteFideId "45004714"]
[BlackFideId "2514249"]
[PlyCount "57"]
[Venue "Talbot Hotel, Stillorgan"]
[EventDate "2022.07.02"]
[BlackFullName "O'Cuilleanain, Ois&iacute;n"]

{ Event information: <a href="../pairings_irlch2022.html">Tournament
report</a>. }

1. d4 Nf6 2. c4 e6 3. Nc3 Bb4 4. e3 O-O 5. Bd3 c5 6. Ne2 d5 7. cxd5 cxd4 8.
exd4 Nxd5 9. O-O Nc6 10. a3 Bd6 11. Re1 b6 12. Nxd5 exd5 13. Bxh7+ Kxh7 14.
Qc2+ g6 15. Qxc6 Be6 16. Bf4 Be7 17. Nc3 Rc8 18. Qb7 Bd6 19. Rxe6 Bxf4 20.
Re7 Kg7 21. Rd7 Qf6 22. Qxd5 Bxh2+ 23. Kxh2 Qxf2 24. Qe5+ Kh7 25. Qe2 Qh4+
26. Kg1 Rce8 27. Qf2 Qg4 28. Rxf7+ Kg8 29. Rf1 1-0

[Event "Irish Championship 2022"]
[Site "Dublin IRL"]
[Date "2022.07.08"]
[Round "7.2"]
[White "Carroll, Peter"]
[Black "O'Gorman, Tom"]
[Result "1/2-1/2"]
[WhiteTitle "CM"]
[BlackTitle "FM"]
[WhiteElo "2116"]
[BlackElo "2401"]
[WhiteICU "2139"]
[BlackICU "2367"]
[WhiteClub "Gonzaga"]
[WhiteNationality "IRL"]
[BlackNationality "IRL"]
[WhiteFideId "2510243"]
[BlackFideId "2508249"]
[PlyCount "46"]
[Venue "Talbot Hotel, Stillorgan"]
[EventDate "2022.07.02"]

{ Event information: <a href="../pairings_irlch2022.html">Tournament
report</a>. }

1. e4 e5 2. Nf3 Nc6 3. Nc3 Nf6 4. d4 exd4 5. Nxd4 Bb4 6. Nxc6 bxc6 7. Bd3
d5 8. exd5 O-O 9. O-O cxd5 10. Bg5 c6 11. Qf3 h6 12. Bxf6 Qxf6 13. Qxf6
gxf6 14. Ne2 Re8 15. Nd4 Bd7 16. Bf5 Bxf5 17. Nxf5 Re2 18. Nd4 Rd2 19. Rad1
Rxd1 20. Rxd1 Rc8 21. c3 Bc5 22. Kf1 Kf8 23. Ke2 Ke7 1/2-1/2